Statistics for Copa América 2024 Teams

Click here to take the quiz!

General Stats

  • This quiz has been taken 90 times
  • The average score is 13 of 14

Answer Stats

Answer% Correct
Argentina
100%
Brazil
100%
Colombia
99%
Uruguay
97%
Mexico
96%
Chile
94%
Paraguay
94%
United States
93%
Ecuador
91%
Venezuela
91%
Bolivia
90%
Peru
87%
Panama
81%
Jamaica
68%

Score Distribution

Percentile by Number Answered

Percent of People with Each Score

Your Score History

You have not taken this quiz